Pesaḳim nivḥarim / (Record no. 31073)

MARC details
000 -LEADER
fixed length control field 00681cam a22002291 4500
001 - CONTROL NUMBER
control field he 65000604
003 - CONTROL NUMBER IDENTIFIER
control field DLC
005 - DATE AND TIME OF LATEST TRANSACTION
control field 20260227111430.0
008 - FIXED-LENGTH DATA ELEMENTS--GENERAL INFORMATION
fixed length control field 840307s1962 is 000 0 heb
010 ## - LIBRARY OF CONGRESS CONTROL NUMBER
LC control number he 65000604
035 ## - SYSTEM CONTROL NUMBER
System control number (OCoLC)19155735
040 ## - CATALOGING SOURCE
Original cataloging agency DLC
Transcribing agency MH
Modifying agency DLC
042 ## - AUTHENTICATION CODE
Authentication code premarc
050 00 - LIBRARY OF CONGRESS CALL NUMBER
Classification number KMK63
Item number .F78 1962
100 1# - MAIN ENTRY--PERSONAL NAME
Personal name Frumkin, Gad,
Dates associated with a name 1887-1960.
245 10 - TITLE STATEMENT
Title Pesaḳim nivḥarim /
Statement of responsibility, etc. luḳṭu, turgemu ṿe-neʻerkhu...ʻal yede Shalom Ḳasan.
260 ## - PUBLICATION, DISTRIBUTION, ETC.
Place of publication, distribution, etc. Tel Aviv :
Name of publisher, distributor, etc. Y. Ts'ets'iḳ,
Date of publication, distribution, etc. [1962]
300 ## - PHYSICAL DESCRIPTION
Extent 288 p. :
Other physical details port. ;
Dimensions 25 cm.
650 #0 - SUBJECT ADDED ENTRY--TOPICAL TERM
Topical term or geographic name entry element Judicial opinions
Geographic subdivision Palestine.
700 1# - ADDED ENTRY--PERSONAL NAME
Personal name Kassan, Shalom,
Dates associated with a name 1901-
752 ## - ADDED ENTRY--HIERARCHICAL PLACE NAME
Country or larger entity Israel
City Tel Aviv

No items available.

Powered by Koha